Gryffondor dans Harry Potter - Statistiques

Statistiques générales
  • Ce quiz a été pris 269 fois
  • Le résultat moyen est 8 sur 15
Answers on the Grid
Answers color-coded by a green-red scale on the quiz's grid according to % correct below.
Harry Potter
Pomona Chourave
Padma Patil
Minerva Mcgonagall
Horace Slughorn
Olivier Dubois
Parvati Patil
Seamus Finnigan
Sirius Black
Luna Lovegood
Colin Crivey
Angelina Johnson
Cho Chang
Norbert Dragonneau
Ginny Weasley
Neville Londubat
Katie Bell
Filius Flitwick
Pansy Parkinson
Hannah Abbott
Romilda Vane
Daphne Greengrass
Peter Pettigrow
Lavande Brown
Nymphadora Tonks
Drago Malefoy
Terry Boot
Regulus Black
Ernie Macmillan
Albus Dumbledore
 
Statistiques - réponses
Réponse % Correct
Harry Potter
98%
Minerva Mcgonagall
68%
Ginny Weasley
61%
Neville Londubat
61%
Olivier Dubois
61%
Albus Dumbledore
56%
Sirius Black
50%
Colin Crivey
48%
Seamus Finnigan
48%
Peter Pettigrow
38%
Angelina Johnson
37%
Katie Bell
37%
Lavande Brown
37%
Parvati Patil
35%
Romilda Vane
24%
Aucun quiz correspondant
Distribution des résultats
% des personnes avec chaque résultat
Percentile par nombre de réponses
Votre historique - résultats
Vous n’avez pas pris ce quiz